Srpski fudbaleri u La Ligi - Statistics

General Stats
  • This quiz has been taken 60 times
  • The average score is 11 of 35
Answer Stats
Klubovi Sezone Fudbaler % Correct
Sevilla 2019- Nemanja Gudelj
88%
Real Madrid 2019-22 Luka Jović
87%
Eibar, Sevilla, Leganés, Espanyol 2017- Marko Dmitrović
79%
Mallorca 2022-24 Predrag Rajković
73%
Valencia, Getafe 2017-24 Nemanja Maksimović
69%
Zaragoza, Espanyol, Celta, Osasuna 1998-07 Savo Milošević
60%
Racing, Valencia 2006-10 Nikola Žigić
54%
Real Madrid 1998-01 Perica Ognjenović
52%
Sevilla 2005-11 Ivica Dragutinović
38%
Deportivo, Valencia 1991-03 Miroslav Đukić
38%
Real Sociedad 1996-07 Darko Kovačević
33%
Atlético Madrid 2005-06 Mateja Kežman
33%
Mallorca, Leganés 2022-25 Matija Nastasić
33%
Atlético Madrid, Mallorca, Oviedo, Getafe, Almería 1996-08 Veljko Paunović
33%
Valladolid, Villarreal 2012-18 Antonio Rukavina
31%
Oviedo, Tenerife, Deportivo 1993-00 Slaviša Jokanović
31%
Atlético Madrid 1995-98 Milinko Pantić
27%
Zaragoza 1978-80 Radomir Antić
27%
Celta 2003-04 Saša Ilić
27%
Sporting Gijon 1982-83 Dušan Savić
25%
Betis, Oviedo 1996-01 Albert Nađ
21%
Barcelona, Valladolid 1997-04 Dragan Ćirić
21%
Atlético Madrid 1998-99 Vladimir Jugović
21%
Real Madrid, Sevilla, Racing 1995-97 Dejan Petković
19%
Celta, Deportivo 1997-03 Goran Đorović
19%
Espanyol, Extremadura 1995-99 Goran Bogdanović
17%
Real Madrid, Osasuna 1990-94 Predrag Spasić
17%
Getafe 2008-09 Vladimir Stojković
17%
Mallorca 2006-07 Boško Janković
13%
Betis 2011-12 Duško Tošić
10%
Atlético Madrid 1992-93 Vladan Lukić
8%
Betis, Osasuna 1994-01 Risto Vidaković
4%
Mallorca, Betis 1991-96 Vlada Stošić
4%
Atlético Madrid, Sevilla 1998-04 Zoran Njeguš
4%
Osasuna 1991-93 Goran Stevanović
2%
No matching quizzes found
Score Distribution
Percent of People with Each Score
Percentile by Number Answered
Your Score History
You have not taken this quiz